Random walks and random environments / (Record no. 15432)

000 -LEADER
fixed length control field 00740cam a2200205 a 4500
020 ## - INTERNATIONAL STANDARD BOOK NUMBER
ISBN 0198537883 (v. 1 : acidfree paper)
020 ## - INTERNATIONAL STANDARD BOOK NUMBER
ISBN 0198537891 (v. 2 : acidfree paper)
040 ## - CATALOGING SOURCE
Transcribing agency DLC
082 00 - DEWEY DECIMAL CLASSIFICATION NUMBER
Classification number 530 OXF 1995 A063 Or.
100 1# - MAIN ENTRY--AUTHOR NAME
Personal name Hughes, B. D.
245 10 - TITLE STATEMENT
Title Random walks and random environments /
260 ## - PUBLICATION, DISTRIBUTION, ETC. (IMPRINT)
Place of publication Oxford :
Name of publisher Clarendon Press ;
Place of publication New York :
Name of publisher Oxford University Press,
Year of publication 1995-1996.
300 ## - PHYSICAL DESCRIPTION
Number of Pages 2 v. :
Other physical details ill. ;
Dimensions 24 cm.
650 #0 - SUBJECT ADDED ENTRY--TOPICAL TERM
Topical Term Random walks (Mathematics)
650 #0 - SUBJECT ADDED ENTRY--TOPICAL TERM
Topical Term Statistical physics.
650 #0 - SUBJECT ADDED ENTRY--TOPICAL TERM
Topical Term Chemistry, Physical and theoretical
856 42 - ELECTRONIC LOCATION AND ACCESS
Uniform Resource Identifier http://www.loc.gov/catdir/enhancements/fy0606/94045504-d.html
856 41 - ELECTRONIC LOCATION AND ACCESS
Uniform Resource Identifier http://www.loc.gov/catdir/enhancements/fy0606/94045504-t.html
942 ## - ADDED ENTRY ELEMENTS (KOHA)
Koha item type សៀវភៅភាសាអង់គ្លេស
952 ## - LOCATION AND ITEM INFORMATION (KOHA)
Withdrawn status [LOCAL, KOHA] 0
Holdings
Permanent Location Date acquired Koha item type Lost status Shelving location Barcode Current Location Full call number
Library Block A2017-11-21សៀវភៅភាសាអង់គ្លេស A063A07802Library Block A530 OXF 1995 A063 Or.
មជ្ឈមណ្ឌលឯការនៃសាកលវិទ្យាល័យភូមិន្ទកសិកម្មចំការដូង

Powered by Koha